Statistics for Boywithuke - Migraine

Click here to take the quiz!

General Stats

  • This quiz has been taken 41 times
  • The average score is 365 of 491

Answer Stats

Answer% Correct
I
97%
A
94%
Not
91%
Hop
88%
The
88%
Be
85%
But
85%
Do
85%
Don't
85%
Go
85%
High
85%
Of
85%
Highway
82%
I'm
82%
Im
82%
I've
82%
Off
82%
They
82%
Think
82%
What
82%
Care
79%
Crazy
79%
Free
79%
Having
79%
Me
79%
Might
79%
Migraines
79%
My
79%
Need
79%
On
79%
So
79%
To
79%
When
79%
You
79%
All
76%
Been
76%
It
76%
Just
76%
Psycho
76%
That
76%
Want
76%
Way
76%
Why
76%
Can
74%
Friend
74%
Got
74%
Heard
74%
Hit
74%
Know
74%
Like
74%
Missing
74%
Never
74%
Non
74%
Notes
74%
Stop
74%
Stressed
74%
Tight
74%
Top
74%
Writing
74%
You'll
74%
You've
74%
Acting
71%
Ask
71%
Boy
71%
For
71%
Have
71%
Head
71%
Listening
71%
Rope
71%
Shaky
71%
This
71%
Waiting
71%
While
71%
Baby
68%
Can't
68%
Goof
68%
Hitting
68%
Home
68%
Leave
68%
Oof
68%
Pressure
68%
Say
68%
Typos
68%
Wanna
68%
About
65%
Alone
65%
Back
65%
Fool
65%
Hundred
65%
Take
65%
Things
65%
Voices
65%
Fifty
62%
Five
62%
Get
62%
Gotta
62%
Heartbreak
62%
I'd
62%
Looking
62%
Rather
62%
Saying
62%
Sideways
62%
Song
62%
Try
62%
Write
62%
Coat
59%
Ibuprofen
59%
Little
59%
Tell
59%
Lie
56%
Live
56%
Speak
56%
Thoughts
56%
Before
53%
Fight
53%
How
53%
If
53%
Legacy
53%
Low
53%
Mind
53%
Said
53%
These
53%
Yea
53%
Frightening
50%
It's
50%
Means
50%
Night
50%
Sending
50%
Up
50%
Around
47%
Getting
47%
Harder
47%
Loud
47%
Messages
47%
Run
47%
Subliminal
47%
They're
47%
And
44%
Breathe
44%
Controling
44%
One
44%
Sick
44%
Over
41%
Farther
38%
Someone
38%
Speaking
38%
You're
38%
After
35%
Coming
35%
Constantly
35%
Letting
35%
See
35%
Teach
35%
Migaines
3%

Score Distribution

Percentile by Number Answered

Percent of People with Each Score

Your Score History

You have not taken this quiz